[Event "Mechanics' Winter TNM; G/2 d5"]
[Site "San Francisco"]
[Date "2018.01.23"]
[Round "3.26"]
[White "Bachseitz, Martin"]
[Black "McEnroe, Glenn Aus"]
[Result "1-0"]
[WhiteElo "1789"]
[BlackElo "1500"]
[PlyCount "101"]
[EventDate "2018.??.??"]
[Source "ChessBase"]
[SourceDate "2007.09.04"]

1. e4 e6 2. d4 d5 3. e5 c5 4. c3 Nc6 5. Nf3 Qb6 6. a3 cxd4 7. cxd4 Nge7 8. Bd3
Bd7 9. Bc2 Nf5 10. Bxf5 exf5 11. Nc3 Be6 12. O-O Be7 13. b4 O-O 14. Qd3 Rac8
15. Bd2 Qd8 16. Rac1 a6 17. b5 axb5 18. Nxb5 Ra8 19. Ra1 Na5 20. Bb4 Nc6 21.
Bxe7 Qxe7 22. Nd2 Ra4 23. Qb3 Rfa8 24. Nf3 h6 25. Rfd1 Qd7 26. Rac1 Rc4 27. Nd6
Na5 28. Qb5 Qxb5 29. Nxb5 Rac8 30. Rb1 Rc2 31. Nd6 R8c7 32. h3 Bd7 33. Nb5 Rc8
34. Nd6 R8c6 35. Nxb7 Nxb7 36. Rxb7 Be6 37. Nd2 Ra2 38. Nb1 Rcc2 39. Rf1 Kh7
40. Rb3 g5 41. Nc3 Rab2 42. Rxb2 Rxb2 43. Ra1 Rb3 44. Ne2 f4 45. f3 Kg6 46. a4
Bf5 47. a5 Rb1+ 48. Rxb1 Bxb1 49. Nc3 Bd3 50. Nxd5 Kf5 51. Nc7 1-0

[Event "Mechanics' Shipman TNM; G/2 d/5"]
[Site "San Francisco"]
[Date "2018.09.11"]
[Round "6.46"]
[White "Badgett, James Jr"]
[Black "Bryan, Robert R"]
[Result "1-0"]
[WhiteElo "1209"]
[BlackElo "336"]
[PlyCount "33"]
[EventDate "2018.??.??"]
[Source "ChessBase"]
[SourceDate "2007.09.04"]

1. e4 c5 2. Bc4 d6 3. d3 Nc6 4. Nf3 e5 5. c3 Be7 6. O-O Nf6 7. Ng5 O-O 8. f4 h6
9. Nf3 a6 10. f5 b5 11. Bb3 Bb7 12. Qe1 Qd7 13. Qg3 Ng4 14. Qxg4 Bf6 15. Bxh6
Bg5 16. Qxg5 Kh8 17. Qxg7# 1-0

[Event "Mechanics' Shipman TNM; G/2 d/5"]
[Site "San Francisco"]
[Date "2018.09.25"]
[Round "8.33"]
[White "Badgett Jr, James"]
[Black "Carron, Joel"]
[Result "0-1"]
[WhiteElo "1209"]
[BlackElo "1449"]
[Annotator "Winslow,Elliott"]
[PlyCount "78"]
[EventDate "2018.??.??"]
[Source "ChessBase"]
[SourceDate "2007.09.04"]

1. e4 c5 2. Nc3 g6 3. f4 Bg7 4. Nf3 e6 5. Bc4 a6 6. d4 b5 7. Be2 cxd4 8. Nxd4
Ne7 9. e5 Bb7 10. Bf3 Nbc6 11. Be3 O-O 12. a3 Rb8 13. O-O Nxd4 14. Bxd4 Bxf3
15. Rxf3 f6 16. exf6 Bxf6 17. Ne4 Bxd4+ 18. Qxd4 Nf5 19. Qf2 Qb6 20. Rd1 Qxf2+
21. Kxf2 Rbc8 22. c3 d5 $6 (22... Nh4) 23. Ng5 Rc6 24. Rh3 $6 (24. Re1) (24.
Kg1) 24... h6 $15 25. Nf3 Kg7 (25... Rc4 $1) 26. Ne5 Rd6 (26... Rc7) 27. g4 Ne7
28. Rd4 (28. Rf3) 28... Nc6 29. Nxc6 Rxc6 30. Rf3 Rc7 31. a4 Rc4 32. axb5 Rxd4
33. cxd4 axb5 34. b4 Rc8 35. Rb3 Rc2+ 36. Kg3 Rc4 37. Ra3 Rxd4 38. Ra7+ Kf6 39.
Ra4 $4 bxa4 0-1

[Event "Mechanics' Winter TNM; G/2 d5"]
[Site "San Francisco"]
[Date "2018.01.09"]
[Round "1.37"]
[White "Badgett Jr, James"]
[Black "Casares, Nick"]
[Result "0-1"]
[WhiteElo "1012"]
[BlackElo "1600"]
[PlyCount "52"]
[EventDate "2018.??.??"]
[Source "ChessBase"]
[SourceDate "2007.09.04"]

1. e4 e5 2. Bc4 Nf6 3. Nc3 Nxe4 4. Bxf7+ Kxf7 5. Nxe4 d5 6. Qf3+ Kg8 7. Ng3 h6
8. N1e2 Be6 9. d3 Nd7 10. O-O Nf6 11. b3 Bc5 12. h3 Kh7 13. Bd2 Rf8 14. Nf5 e4
15. Qf4 Nh5 16. Qg4 Rxf5 17. d4 Bd6 18. c4 b6 19. cxd5 Nf6 20. Qh4 Rh5 21. Qxh5
Nxh5 22. dxe6 c6 23. Rae1 Qe7 24. Nc3 Qxe6 25. Nxe4 Qd5 26. Bc3 Bc7 0-1

[Event "Mechanics' Shipman TNM; G/2 d/5"]
[Site "San Francisco"]
[Date "2018.08.14"]
[Round "2.29"]
[White "Badgett Jr, James"]
[Black "Casares Jr, Nick"]
[Result "0-1"]
[WhiteElo "1209"]
[BlackElo "1600"]
[PlyCount "46"]
[EventDate "2018.??.??"]
[Source "ChessBase"]
[SourceDate "2007.09.04"]

1. e4 e5 2. Bc4 Nf6 3. Nc3 Nxe4 4. Qh5 Nd6 5. Bb3 g6 6. Qf3 c6 7. d3 Bg7 8. Bd2
O-O 9. Nh3 h6 10. O-O-O Nf5 11. Be3 d5 12. Bc5 Re8 13. g3 b6 14. Ba3 Nd4 15.
Qg2 Bxh3 16. Qxh3 a5 17. Kb1 Nd7 18. Rhf1 Qc7 19. f4 b5 20. f5 Nxb3 21. axb3 b4
22. Na2 Qd6 23. g4 Nc5 {And Black went on to win.} 0-1

[Event "Mechanics' Summer TNM; G/2 d/5"]
[Site "San Francisco"]
[Date "2018.07.17"]
[Round "8.34"]
[White "Badgett Jr, James"]
[Black "Cunningham, Charles"]
[Result "0-1"]
[WhiteElo "1220"]
[BlackElo "1403"]
[PlyCount "75"]
[EventDate "2018.??.??"]
[Source "ChessBase"]
[SourceDate "2007.09.04"]

1. e4 e5 2. Nc3 Bb4 3. Nd5 Ba5 4. b4 c6 5. Bb2 cxd5 6. bxa5 d4 7. Bc4 Nf6 8.
Qf3 Qxa5 9. Ne2 Qb4 10. Bb3 d6 11. a3 Qb6 12. O-O O-O 13. Rab1 Qc7 14. c3 dxc3
15. Nxc3 Nc6 16. Nd5 Nxd5 17. exd5 Ne7 18. Rfc1 Qa5 19. Bc2 Qxd2 20. Bc3 Qg5
21. Bb4 Rd8 22. Rd1 f5 23. Bd2 f4 24. h3 b6 25. Rb4 Bb7 26. Be4 Rac8 27. Rc1
Rxc1+ 28. Bxc1 Rc8 29. Bd2 Rc5 30. Qd3 g6 31. Rb5 Ba6 32. a4 Bxb5 33. axb5 Rc8
34. Bb4 Qf6 35. Qa3 Rc4 36. Bxd6 Rxe4 37. Bxe7 Qf7 38. d6 {
Black is better and went on to win. The remaining moves are unavailable.} 0-1

[Event "Mechanics' Winter TNM; G/2 d5"]
[Site "San Francisco"]
[Date "2018.02.27"]
[Round "8.45"]
[White "Badgett Jr, James"]
[Black "Mays, Jerry L"]
[Result "0-1"]
[WhiteElo "1012"]
[BlackElo "1700"]
[Annotator "Donaldson"]
[PlyCount "54"]
[EventDate "2018.??.??"]
[Source "ChessBase"]
[SourceDate "2007.09.04"]

1. e4 e5 2. Nc3 Nf6 3. Nf3 Nc6 4. Bc4 Be7 (4... Nxe4 5. Nxe4 (5. Bxf7+ $2 Kxf7
6. Nxe4 d5 $17) 5... d5 6. Bd3 dxe4 7. Bxe4 $11) 5. d3 O-O 6. Be3 d6 7. d4 (7.
O-O) 7... Ng4 8. Nd5 Nxe3 9. fxe3 Bh4+ 10. g3 Bf6 11. c3 Na5 12. Qa4 Nxc4 13.
Qxc4 c6 14. Nxf6+ Qxf6 15. Rf1 (15. O-O) 15... Qh6 16. Qe2 Bg4 17. O-O-O f5 (
17... d5 18. exd5 e4) 18. Qc4+ (18. dxe5 fxe4 19. Rxd6) 18... d5 19. exd5 Qxe3+
20. Rd2 Bxf3 21. dxc6+ Kh8 22. Rff2 Qe1+ 23. Kc2 Be4+ 24. Kb3 bxc6 25. Rfe2
Qxd2 26. Rxd2 Bd5 27. dxe5 Rab8+ 0-1

[Event "Mechanics' Winter TNM; G/2 d5"]
[Site "San Francisco"]
[Date "2018.02.06"]
[Round "5.34"]
[White "Badgett Jr, James"]
[Black "Nyangar, Enkhmaa"]
[Result "0-1"]
[WhiteElo "1012"]
[BlackElo "1634"]
[Annotator "Donaldson"]
[PlyCount "52"]
[EventDate "2018.??.??"]
[Source "ChessBase"]
[SourceDate "2007.09.04"]

1. e4 c5 2. Nc3 Nc6 3. f4 d6 4. Nf3 g6 5. Bb5 Bg7 6. Bxc6+ bxc6 7. d3 Nf6 8.
O-O Qb6 9. Na4 Qc7 10. Rb1 a5 11. Kh1 h5 12. c3 h4 13. Qe1 h3 14. g3 Nh5 15. e5
Ba6 16. c4 d5 17. Nxc5 e6 18. b3 Bc8 19. Ng5 Bf8 20. Be3 Ng7 21. Rc1 Nf5 22.
Bg1 d4 23. Nce4 Be7 24. Nf6+ $2 (24. c5 $1 $18) 24... Bxf6 25. exf6 c5 26. Bf2
Bb7+ {
White resigned prematurely, not realizing that after 27.Kg1 Qc6, he had 28.Ne4.
} 0-1

[Event "Mechanics' Shipman TNM; G/2 d/5"]
[Site "San Francisco"]
[Date "2018.08.28"]
[Round "4.39"]
[White "Badgett Jr, James"]
[Black "Robertson, Terrance"]
[Result "0-1"]
[WhiteElo "1209"]
[BlackElo "1450"]
[PlyCount "82"]
[EventDate "2018.??.??"]
[Source "ChessBase"]
[SourceDate "2007.09.04"]

1. e4 e5 2. Bc4 Nf6 3. Nc3 Nc6 4. Nge2 Nxe4 5. Nxe4 d5 6. Bxd5 Qxd5 7. N2c3 Qd8
8. a3 Bf5 9. d3 Nd4 10. Be3 Qd7 11. h3 Be7 12. g4 Bxe4 13. Nxe4 f5 14. gxf5
Qxf5 15. Bxd4 exd4 16. Qe2 O-O 17. h4 Qf3 18. Ng3 Qxe2+ 19. Nxe2 Rae8 20. O-O-O
Bxh4 21. Rxh4 Rxe2 22. Rxd4 Rexf2 23. Rd7 R2f7 24. Rd4 g6 25. a4 Rf1 26. Rxf1
Rxf1+ 27. Kd2 h5 28. Ke2 Rf7 29. b4 Kg7 30. Ke3 Kf6 31. Rf4+ Kg7 32. Rxf7+ Kxf7
33. Kf4 Kf6 34. b5 g5+ 35. Ke4 h4 36. Kd5 h3 37. b6 axb6 38. c4 h2 39. c5 h1=Q+
40. Kc4 Qc1+ 41. Kd5 Qxc5+ 0-1

[Event "Mechanics' Winter TNM; G/2 d5"]
[Site "San Francisco"]
[Date "2018.01.23"]
[Round "3.50"]
[White "Badgett Jr, James"]
[Black "Robertson, Terrance"]
[Result "1-0"]
[WhiteElo "1012"]
[BlackElo "1483"]
[PlyCount "63"]
[EventDate "2018.??.??"]
[Source "ChessBase"]
[SourceDate "2007.09.04"]

1. e4 e5 2. Bc4 Nf6 3. Nc3 Nc6 4. Bb3 Nd4 5. Bc4 c6 6. Nf3 d5 7. exd5 cxd5 8.
Nxd5 Nxd5 9. Nxe5 b5 10. Bd3 Nf6 11. c3 Ne6 12. Qf3 Bd7 13. O-O Bd6 14. Re1 O-O
15. a4 Qc7 16. Nxd7 Nxd7 17. g3 b4 18. Be4 Rab8 19. d4 Ng5 20. Bxg5 bxc3 21.
bxc3 h6 22. Bxh6 Nf6 23. Bxg7 Kxg7 24. Qf5 Nxe4 25. Rxe4 Rh8 26. Rc1 Be7 27.
Rce1 Bf6 28. Rf4 Rh6 29. Rg4+ Kf8 30. Ree4 Qxc3 31. Qd7 a6 32. Qd6+ 1-0

[Event "Mechanics' Bedjanian TNM; G/2 d/5"]
[Site "San Francisco"]
[Date "2018.10.23"]
[Round "1.14"]
[White "Baer, Michael A"]
[Black "Askin, Michael"]
[Result "1/2-1/2"]
[WhiteElo "1457"]
[BlackElo "1979"]
[PlyCount "55"]
[EventDate "2018.??.??"]
[Source "ChessBase"]
[SourceDate "2007.09.04"]

1. e4 c6 2. d4 d5 3. e5 Bf5 4. Nc3 e6 5. Nf3 Ne7 6. Be2 h6 7. O-O Nd7 8. Be3 a6
9. a3 c5 10. dxc5 Nc6 11. b4 Ndxe5 12. Nd4 Nxd4 13. Bxd4 Nc6 14. Rc1 Qh4 15. g4
Bxg4 16. Bxg4 Nxd4 17. Qxd4 h5 18. Qf4 hxg4 19. Rfe1 Be7 20. Rcd1 Rd8 21. Na4
Bg5 22. Qg3 Qxg3+ $6 (22... Qh6 $1 $19) (22... Qh7 $1 $19) 23. hxg3 Ke7 $2 (
23... Bf6) 24. Nc3 (24. Nb6) 24... Kf6 25. Ne2 Rb8 26. a4 Rhc8 27. a5 Rd8 28.
Rd3 1/2-1/2

[Event "Mechanics' Bedjanian TNM; G/2 d/5"]
[Site "San Francisco"]
[Date "2018.12.04"]
[Round "7.32"]
[White "Baer, Michael A"]
[Black "Olson, David R"]
[Result "1-0"]
[WhiteElo "1457"]
[BlackElo "1400"]
[PlyCount "37"]
[EventDate "2018.??.??"]
[Source "ChessBase"]
[SourceDate "2007.09.04"]

1. e4 c5 2. Nf3 Nc6 3. c3 g6 4. Bd3 Bg7 5. Bc2 e5 6. O-O Nge7 7. d3 d5 8. Nbd2
O-O 9. Re1 Bg4 10. h3 Bc8 11. Nf1 d4 12. Bg5 f6 13. Bb3+ Kh8 14. Bd2 f5 15. Bg5
f4 {[#]} 16. g3 h6 17. Bh4 g5 18. Nxg5 hxg5 19. Qh5+ 1-0

[Event "Mechanics' Vartan Bedjanian TNM; G/2 d/"]
[Site "San Francisco"]
[Date "2018.11.07"]
[Round "3.35"]
[White "Baer, Michael A"]
[Black "Soffer, Aaron"]
[Result "1-0"]
[WhiteElo "1457"]
[BlackElo "1260"]
[PlyCount "81"]
[EventDate "2018.??.??"]
[Source "ChessBase"]
[SourceDate "2007.09.04"]

1. e4 e5 2. Nf3 Nc6 3. Bb5 a6 4. Ba4 b5 5. Bb3 d6 6. c3 Bg4 7. d3 Nf6 8. h3
Bxf3 9. Qxf3 Be7 10. O-O O-O 11. Nd2 Rc8 12. Rd1 a5 13. a3 a4 14. Ba2 Qd7 15.
Nf1 Nd8 16. Ne3 Ne6 17. Nf5 Nf4 18. Nxe7+ Qxe7 19. Bxf4 exf4 20. Qxf4 Kh8 21.
Qf5 Qe5 22. Qxe5 dxe5 23. g3 g5 24. f3 Nh5 25. Kg2 Kg7 26. c4 c6 27. Rac1 Kg6
28. d4 exd4 29. Rxd4 Rfd8 30. Rcd1 Rxd4 31. Rxd4 f6 32. c5 Rc7 33. Rd6 Kg7 34.
Be6 Kf8 35. Rd7 Ng7 36. Rxc7 Nxe6 37. Rxc6 Nd4 38. Rxf6+ Kg7 39. Rd6 Nb3 40. c6
Na5 41. c7 1-0

[Event "Mechanics' Bedjanian TNM; G/2 d/5"]
[Site "San Francisco"]
[Date "2018.11.20"]
[Round "5.27"]
[White "Baer, Michael A"]
[Black "Thet, Lyn Aung"]
[Result "0-1"]
[WhiteElo "1457"]
[BlackElo "1729"]
[PlyCount "80"]
[EventDate "2018.??.??"]
[Source "ChessBase"]
[SourceDate "2007.09.04"]

1. e4 c5 2. Nf3 Nc6 3. Bd3 e5 4. c3 Nf6 5. h3 Be7 6. O-O a6 7. Bc2 c4 8. Re1
O-O 9. d4 cxd3 10. Bxd3 b5 11. a3 Bb7 12. Nbd2 Rc8 13. Nf1 d6 14. Ne3 Na5 15.
Nf5 Nc4 16. Qb3 Qc7 17. Nxe7+ Qxe7 18. Bg5 h6 19. Bh4 g5 20. Bg3 Nh5 21. Bh2
Nf4 22. Bxf4 gxf4 23. Qc2 Kh8 24. Bxc4 Rxc4 25. Nh2 Rg8 26. b3 Qg5 27. f3 Rc7
28. Re2 Rgc8 29. Qd2 Rxc3 30. Qxd6 Rd8 31. Qb4 Rcd3 32. Rc1 Bc8 33. Kh1 h5 34.
Rg1 Be6 35. Qa5 R8d6 36. b4 Bc4 37. Rf2 Rd1 38. Qc7 Qg3 39. Rc2 Rxg1+ 40. Kxg1
Qe1+ 0-1

[Event "Mechanics' Spring TNM; G/2 d5"]
[Site "San Francisco"]
[Date "2018.03.20"]
[Round "1.22"]
[White "Baer, Michael Alan"]
[Black "Anderson, Michael"]
[Result "0-1"]
[WhiteElo "1385"]
[BlackElo "1900"]
[PlyCount "108"]
[EventDate "2018.??.??"]
[Source "ChessBase"]
[SourceDate "2007.09.04"]

1. e4 c5 2. Nf3 e6 3. g3 Nc6 4. Bg2 g6 5. d3 Bg7 6. O-O Nge7 7. c3 O-O 8. Nbd2
Rb8 9. Re1 b5 10. a4 a6 11. Nb3 d6 12. Bf4 e5 13. Bg5 h6 14. Be3 bxa4 15. Rxa4
Qb6 16. Nfd2 Be6 17. c4 Nb4 18. Qb1 Nec6 19. Bf1 Nd4 20. Bxd4 cxd4 21. Ra5 Rfc8
22. Rc1 Bf8 23. Be2 Be7 24. Rf1 Bh3 25. Rd1 Bg5 26. Nf3 Bd8 27. Nfd2 Qb7 28.
Ra3 Nc6 29. Qa1 Nb4 30. Qb1 Nc6 31. Qa1 a5 32. Ra4 Bd7 33. Qb1 Qa7 34. Rf1 Nb4
35. Ra1 a4 36. Nc1 Qc5 37. b3 a3 38. Rxa3 Nxd3 39. b4 Nxb4 40. Ncb3 Qc7 41. f4
Bh3 42. Rc1 exf4 43. gxf4 Qe7 44. Nxd4 Bb6 45. Rxh3 Bxd4+ 46. Kh1 Bg7 47. Rb3
Nc6 48. Rxb8 Rxb8 49. Qd3 Nd4 50. Bd1 Rb2 51. Rb1 Qb7 52. Rxb2 Qxb2 53. Nb3 Qf2
54. Qd2 Qf1# 0-1

[Event "Mechanics' Winter TNM; G/2 d5"]
[Site "San Francisco"]
[Date "2018.01.09"]
[Round "1.22"]
[White "Baer, Michael Alan"]
[Black "Anderson, Michael"]
[Result "0-1"]
[WhiteElo "1385"]
[BlackElo "1900"]
[PlyCount "76"]
[EventDate "2018.??.??"]
[Source "ChessBase"]
[SourceDate "2007.09.04"]

1. e4 c5 2. Nf3 e6 3. d3 Nc6 4. Be2 g6 5. Be3 Bg7 6. c3 d6 7. O-O Nge7 8. Nbd2
O-O 9. Re1 Rb8 10. Nf1 b5 11. Rb1 b4 12. c4 Qa5 13. b3 Qxa2 14. Qc1 Qa3 15. Qc2
Qa5 16. Ng3 Bd7 17. Red1 f5 18. Bf4 e5 19. Bd2 f4 20. Nf1 Bg4 21. Ra1 Qc7 22.
Qa2 Ra8 23. Bc1 Bxf3 24. Bxf3 Nd4 25. Nd2 Nec6 26. Bb2 a5 27. Qa4 Bf6 28. h3
Bd8 29. Rac1 Qf7 30. Bg4 h5 31. Bxd4 Nxd4 32. Bf3 g5 33. Re1 Ra7 34. Be2 Qg6
35. f3 Raf7 36. Bd1 Qh6 37. Rf1 g4 38. fxg4 f3 0-1

[Event "Mechanics' Shipman TNM; G/2 d/5"]
[Site "San Francisco"]
[Date "2018.08.21"]
[Round "3.10"]
[White "Baer, Michael Alan"]
[Black "Boldi, Ethan"]
[Result "0-1"]
[WhiteElo "1438"]
[BlackElo "2011"]
[PlyCount "94"]
[EventDate "2018.??.??"]
[Source "ChessBase"]
[SourceDate "2007.09.04"]

1. e4 e6 2. d3 d5 3. Nd2 Nf6 4. Ngf3 dxe4 5. dxe4 Bc5 6. Bd3 b6 7. O-O Bb7 8.
b3 Bd4 9. Nxd4 Qxd4 10. Rb1 Nxe4 11. Bb2 Nc3 12. Qe1 Qd5 13. Nf3 Nxb1 14. Qxb1
Nd7 15. Rd1 Qh5 16. Be2 O-O-O 17. Re1 Qg6 18. Nh4 Qg5 19. Nf3 Qd5 20. c4 Qc6
21. Qc1 f6 22. Qc3 Nc5 23. Bf1 Ne4 24. Qe3 e5 25. Be2 Qc5 26. Qxc5 bxc5 27. h3
Nd2 28. Nh4 g6 29. Ba3 Rd4 30. Nf3 Nxf3+ 31. Bxf3 Bxf3 32. gxf3 Rd2 33. Bxc5
Rxa2 34. Be7 Ra6 35. b4 Re8 36. Bc5 Kb7 37. Rd1 e4 38. f4 Ra3 39. Kg2 Rd3 40.
Ra1 Ra8 41. Re1 f5 42. Rc1 a5 43. bxa5 Rxa5 44. Rb1+ Kc8 45. Be3 Ra2 46. Kg3
Re2 47. Rc1 Rexe3+ 0-1

[Event "Mechanics' Walter Shipman TNM G/2 d/5"]
[Site "San Francisco"]
[Date "2018.10.02"]
[Round "9.24"]
[White "Baer, Michael Alan"]
[Black "Cohee, James"]
[Result "0-1"]
[WhiteElo "1438"]
[BlackElo "1633"]
[PlyCount "134"]
[EventDate "2018.??.??"]
[Source "ChessBase"]
[SourceDate "2007.09.04"]

1. e4 c5 2. Nc3 d6 3. g3 Nf6 4. h3 Nc6 5. Bg2 e6 6. d3 Nd4 7. Nce2 e5 8. c3
Nxe2 9. Nxe2 Be7 10. O-O O-O 11. f4 exf4 12. Nxf4 Rb8 13. a4 b6 14. g4 h6 15.
Ne2 Bb7 16. Ng3 Re8 17. Be3 Bf8 18. Qd2 d5 19. Bf4 Bd6 20. exd5 Nxd5 21. Bxd6
Qxd6 22. Ne4 Qg6 23. Rae1 Nc7 24. Qf4 Re7 25. Qd6 Qxd6 26. Nxd6 Rxe1 27. Rxe1
Bxg2 28. Kxg2 Rd8 29. Nc4 Ne6 30. Re3 Nf4+ 31. Kh2 Nxd3 32. Re7 Nxb2 33. Nxb2
Rd2+ 34. Kg1 Rxb2 35. Rxa7 g5 36. Rb7 Ra2 37. Rxb6 Rxa4 38. Rc6 Rc4 39. Rxh6
Rxc3 40. Kf2 Kg7 41. Rh5 Kg6 42. Rh8 c4 43. Ke2 Rg3 44. Kd2 c3+ 45. Kc2 Kf6 46.
Rh6+ Ke5 47. Rh5 f6 48. Rh8 Rf3 49. h4 gxh4 50. Rxh4 Kf4 51. g5+ Kxg5 52. Rc4
f5 53. Kd1 Re3 54. Kc2 f4 55. Rc8 f3 56. Rf8 Kg4 57. Rg8+ Kf4 58. Rf8+ Kg3 59.
Rg8+ Kf2 60. Kd1 Kf1 61. Rh8 f2 62. Kc2 Ke1 63. Rh1+ f1=Q 64. Rxf1+ Kxf1 65.
Kc1 Re2 66. Kd1 c2+ 67. Kc1 Ke1 0-1

[Event "Mechanics' Winter TNM; G/2 d5"]
[Site "San Francisco"]
[Date "2018.01.23"]
[Round "3.53"]
[White "Baer, Michael Alan"]
[Black "Enkhjargal, Gabriel"]
[Result "1-0"]
[WhiteElo "1385"]
[BlackElo "911"]
[PlyCount "85"]
[EventDate "2018.??.??"]
[Source "ChessBase"]
[SourceDate "2007.09.04"]

1. e4 e5 2. Bc4 Nf6 3. d3 Nc6 4. c3 d5 5. exd5 Nxd5 6. Qe2 Be6 7. Nf3 Be7 8.
O-O Bg4 9. h3 Bh5 10. Qe4 Nf6 11. Qe3 Qd7 12. Nxe5 Nxe5 13. Qxe5 O-O 14. Bg5
Bd6 15. Qe3 Rfe8 16. Qd2 Re2 17. Qc1 Qc6 18. Nd2 Rae8 19. d4 R2e6 20. Bxe6 fxe6
21. Re1 Rf8 22. Bxf6 Rxf6 23. Ne4 Rg6 24. Qe3 e5 25. dxe5 Bxe5 26. Rac1 Bf6 27.
Rc2 Bd4 28. Qd3 Bf6 29. Kh1 h6 30. Nxf6+ Rxf6 31. Qe4 Qb5 32. Qe5 Qd3 33. Qe4
Qb5 34. Rd2 Rf8 35. f3 Re8 36. Qb1 Rf8 37. Qd3 Qg5 38. Qd5+ Qxd5 39. Rxd5 Bf7
40. Rd7 Bxa2 41. Rxc7 Bd5 42. Ree7 g5 43. Rg7+ 1-0

[Event "Mechanics' Shipman TNM; G/2 d/5"]
[Site "San Francisco"]
[Date "2018.09.04"]
[Round "5.23"]
[White "Baer, Michael Alan"]
[Black "Karp, Richard M"]
[Result "1/2-1/2"]
[WhiteElo "1438"]
[BlackElo "1712"]
[PlyCount "139"]
[EventDate "2018.??.??"]
[Source "ChessBase"]
[SourceDate "2007.09.04"]

1. e4 c5 2. Nc3 Nc6 3. g3 g6 4. Bg2 Bg7 5. d3 d6 6. Be3 Nf6 7. h3 Be6 8. Qd2
Nd4 9. Nd1 h6 10. c3 Nc6 11. f4 Qa5 12. g4 h5 13. g5 Nd7 14. h4 Nb6 15. Qc1 d5
16. e5 f6 17. exf6 exf6 18. Nf3 O-O-O 19. O-O Rhe8 20. Bd2 Nd7 21. Ne3 Qc7 22.
Nc2 Bf5 23. d4 c4 24. a3 Re7 25. Nb4 Be4 26. Rf2 Rde8 27. Nh2 Na5 28. Qd1 Qd6
29. Nf3 Nb3 30. Ra2 Qe6 31. Nc2 Qg4 32. Ne3 Qg3 33. Nf1 Qg4 34. Ne3 Qe6 35. Kh2
Bd3 36. Nf1 Qg4 37. Ne3 Rxe3 38. Bxe3 Rxe3 39. Kg1 Be4 40. a4 Bxf3 41. Rxf3
Rxf3 42. Qxf3 Qxf3 43. Bxf3 Nb6 44. a5 Nd2 45. Bg2 Na8 46. Bxd5 Nc7 47. Bf7
fxg5 48. fxg5 Nf3+ 49. Kh1 Nxh4 50. Ra4 b5 51. axb6 axb6 52. Rxc4 Kd7 53. d5
Nf3 54. Bxg6 Nxg5 55. Bxh5 Nxd5 56. Rg4 Ne6 57. Bf7 Be5 58. Kg1 Kd6 59. Kf2
Ndf4 60. Rg1 Nh3+ 61. Kf1 Nxg1 62. Kxg1 Bf4 63. b3 Bd2 64. c4 Bb4 65. Kf1 Nd4
66. Kf2 Nxb3 67. Ke2 Kc5 68. Kd3 Na5 69. Bg8 Nc6 70. Ke4 {
and drawn after more moves played in time pressure.} 1/2-1/2

[Event "Mechanics' Spring TNM; G/2 d5"]
[Site "San Francisco"]
[Date "2018.04.03"]
[Round "3.32"]
[White "Baer, Michael Alan"]
[Black "Mays, Jerry L"]
[Result "0-1"]
[WhiteElo "1385"]
[BlackElo "1700"]
[PlyCount "76"]
[EventDate "2018.??.??"]
[Source "ChessBase"]
[SourceDate "2007.09.04"]

1. e4 e5 2. Nf3 Nc6 3. Nc3 Nf6 4. d4 exd4 5. Nxd4 Bc5 6. Nxc6 bxc6 7. Bd3 h6 8.
O-O d6 9. h3 O-O 10. Qf3 Bd7 11. Bd2 Qe7 12. Rfe1 Qe5 13. Bf4 Qh5 14. Qg3 Qg6
15. e5 Qxg3 16. Bxg3 Nh5 17. Bh2 g5 18. Ne4 f5 19. exf6 Bd4 20. c3 Bb6 21. g4
Nxf6 22. Nxf6+ Rxf6 23. Bg3 Raf8 24. Re2 h5 25. Bf5 h4 26. Bxh4 Bxf5 27. gxf5
gxh4 28. Kg2 Rxf5 29. Rf1 Rg5+ 30. Kh2 Rf3 31. Re4 Bxf2 32. Rg4 Rxg4 33. hxg4
Bg3+ 34. Kg2 Rxf1 35. Kxf1 Bf4 36. Kg2 Bc1 37. b3 Bb2 38. c4 d5 0-1

[Event "Mechanics' Winter TNM; G/2 d5"]
[Site "San Francisco"]
[Date "2018.02.06"]
[Round "5.44"]
[White "Baer, Michael Alan"]
[Black "Mays, Jerry L"]
[Result "0-1"]
[WhiteElo "1385"]
[BlackElo "1700"]
[Annotator "Donaldson"]
[PlyCount "134"]
[EventDate "2018.??.??"]
[Source "ChessBase"]
[SourceDate "2007.09.04"]

1. e4 e5 2. Bc4 Be7 3. Nf3 Nc6 4. O-O (4. d4) 4... Nf6 5. d3 (5. Re1 O-O 6. d4
d6 7. Nc3) 5... O-O 6. a3 (6. c3) 6... d5 7. exd5 Nxd5 8. Re1 Bg4 9. h3 Bxf3 (
9... Bh5 10. g4 Bg6 11. Nxe5 Nxe5 12. Rxe5 Nb6 13. Ba2 Bd6 14. Re1) 10. Qxf3
Nb6 (10... Nd4 $1 11. Qxd5 Qxd5 12. Bxd5 Nxc2 13. Bd2 Nxa1 14. Rc1) 11. Ba2 Nd4
12. Qd1 Qd6 13. Nc3 Nd7 (13... Rad8) 14. Ne4 Qg6 15. c3 Ne6 16. Qf3 Kh8 17. Bd2
f5 18. Ng3 f4 19. Ne4 Ng5 20. Nxg5 Bxg5 21. Bd5 (21. d4 exd4 22. cxd4) 21... c6
22. Be4 Qh6 23. b4 Nf6 24. c4 Rad8 25. Bc3 Nxe4 26. dxe4 (26. Rxe4 Qd6 27. d4
exd4 28. Bxd4) 26... Qe6 27. Rad1 Bf6 28. c5 Qb3 29. Ra1 Qc4 30. Red1 Qb3 31.
Rdc1 Rd7 32. Rcb1 Qc4 33. Rd1 Rfd8 34. Bb2 Qc2 35. Rxd7 Rxd7 36. Qc3 Rd2 37.
Qxc2 Rxc2 38. Rb1 h6 39. f3 Kh7 40. Ba1 Kg6 41. Kh1 Kh5 42. Kh2 Kh4 43. Rb2 Rc1
44. Ra2 Rc4 45. Rd2 Rc1 46. Bb2 Rb1 47. a4 h5 48. a5 g5 49. Bc3 Rb3 50. Rd3 g4
51. hxg4 (51. Be1+ $4 g3+) 51... hxg4 52. fxg4 Kxg4 53. Rf3 Bh4 54. Kg1 Bg3 55.
Bxe5 Rxf3 56. gxf3+ Kxf3 57. Bc3 Kxe4 58. Kf1 Kd3 59. Be5 Kc4 60. Bb8 a6 61.
Bc7 Kxb4 62. Bb6 f3 63. Kg1 Kb5 64. Kf1 Be5 65. Kf2 Bd4+ 66. Kxf3 Bxc5 67. Bd8
Bb4 0-1

[Event "Mechanics' Shipman TNM; G/2 d/5"]
[Site "San Francisco"]
[Date "2018.09.18"]
[Round "7.30"]
[White "Baer, Michael Alan"]
[Black "Morgan, Jerry D"]
[Result "0-1"]
[WhiteElo "1438"]
[BlackElo "1520"]
[PlyCount "84"]
[EventDate "2018.??.??"]
[Source "ChessBase"]
[SourceDate "2007.09.04"]

1. e4 Nf6 2. Nc3 e5 3. Nf3 Nc6 4. d4 Bb4 5. Nxe5 Qe7 6. Qd3 Nxe5 7. dxe5 Qxe5
8. Bd2 O-O 9. f4 Qa5 10. Be2 d6 11. O-O Bg4 12. a3 Bxc3 13. Bxc3 Qh5 14. Bxg4
Nxg4 15. Qg3 f6 16. Rad1 Rfe8 17. Rd5 Qg6 18. f5 Qh5 19. Rf4 Ne5 20. Qf2 b6 21.
Rh4 Qf7 22. Qg3 Qd7 23. Qh3 h6 24. Qg3 Kh8 25. Rd2 Qe7 26. Re2 Nf7 27. Bd2 Qe5
28. Qb3 Ng5 29. Bc3 Qc5+ 30. Kf1 Qc6 31. Qd5 Qd7 32. Rf4 c6 33. Qd3 Qc7 34. Rg4
Nf7 35. h4 Ne5 36. Bxe5 dxe5 37. Rd2 Rad8 38. Qe2 Rxd2 39. Qxd2 Rd8 40. Qe2 Qd6
41. Ke1 Qd4 42. c3 Qg1+ 0-1

[Event "Mechanics' Spring TNM; G/2 d5"]
[Site "San Francisco"]
[Date "2018.05.08"]
[Round "8.39"]
[White "Baer, Michael Alan"]
[Black "Olson, David"]
[Result "1-0"]
[WhiteElo "1385"]
[BlackElo "1400"]
[PlyCount "89"]
[EventDate "2018.??.??"]
[Source "ChessBase"]
[SourceDate "2007.09.04"]

1. e4 Nc6 2. d4 e6 3. Nf3 Nf6 4. Nc3 b6 5. Bg5 h6 6. Bh4 g5 7. Bg3 a6 8. h3 Bb7
9. Bd3 d6 10. a3 Bg7 11. Qd2 Nh5 12. Qe3 Qf6 13. e5 dxe5 14. dxe5 Qe7 15. Bh2
O-O-O 16. g4 Nf4 17. Bxf4 gxf4 18. Qxf4 Nxe5 19. Be4 Nxf3+ 20. Qxf3 Bxe4 21.
Qxe4 Kb8 22. O-O h5 23. Rad1 hxg4 24. Qxg4 Rdg8 25. Qf3 Rh4 26. Kh1 Rgh8 27.
Rd3 Qg5 28. Qg2 Qe7 29. Qxg7 Rxh3+ 30. Rxh3 Rxh3+ 31. Kg2 Qh4 32. Qg8+ Kb7 33.
Qg7 Rh2+ 34. Kf3 Qc4 35. Rg1 Qc6+ 36. Ke2 Qc4+ 37. Ke1 Qc5 38. Qg3 Rh5 39. Qf3+
Ka7 40. Rg8 Re5+ 41. Kd2 Qd4+ 42. Kc1 Re1+ 43. Nd1 Re4 44. Qxf7 Qc4 45. Qf8 1-0